Introducción al conocimiento de Freud / Benjamin B. Wolman ; Félix Blanco, Traductor (Registro nro. 32426)
[ vista simple ]
| 000 -LÍDER | |
|---|---|
| Campo fijo de descripción fija | 012860000a22002050004500 |
| 041 0# - CÓDIGO DE IDIOMA | |
| Código de idioma para texto/pista de sonido o título separado | |
| 082 04 - NÚMERO DE CLASIFICACIÓN DECIMAL DEWEY | |
| Número de clasificación | G 150.1952 W865i |
| 001 - NÚMERO DE CONTROL | |
| Campo de control | 1073 |
| 100 1# - ASIENTO PRINCIPAL--NOMBRE PERSONAL | |
| Nombre personal | Wolman, Benjamin B. |
| 245 10 - TÍTULO | |
| Título del Material | Introducción al conocimiento de Freud / Benjamin B. Wolman ; Félix Blanco, Traductor |
| 260 ## - PUBLICACIÓN, DISTRIBUCIÓN, ETC. (PIE DE IMPRENTA) | |
| Lugar de publicación, distribución, etc. | México D.F., México : Era |
| 300 ## - DESCRIPCIÓN FÍSICA | |
| Extensión | 229 Pag. |
| 336 ## - CONTENT TYPE | |
| Content type term | texto |
| Content type code | txt |
| Source | rdacontent |
| 337 ## - MEDIA TYPE | |
| Source | rdamedia |
| Media type term | sin mediación |
| Media type code | n |
| 338 ## - CARRIER TYPE | |
| Source | rdacarrier |
| Carrier type term | volumen |
| Carrier type code | nc |
| 500 ## - NOTA GENERAL | |
| Nota General | Título original : The unconscious mind |
| 505 00 - NOTA DE CONTENIDO | |
| Nota de contenido con formato preestablecido | la teoría del psicoanálisis -- los sueños y el inconsciente -- amor y sexo -- el instinto de muerte y destrucción -- el ello, caldera en ebullición -- el yo, aparato de control -- súper -yo y conciencia culpable -- complejo de Edipo y desarrollo de la personalidad -- consideraciones teóricas -- la humanidad en el sofá -- siguiendo los pasos de Freud -- la práctica del psicoanálisis -- el cerebro que hizo volver hacia atrás el reloj -- la técnica primitiva -- interpretación y visión -- transferencia. la neurosis terapéutica -- la resistencia lucha contra la cura -- penetración y base final -- variaciones y modificaciones -- la formación del psicoanalista |
| 650 14 - ASIENTO SECUNDARIO DE MATERIA - TERMINO TEMÁTICO | |
| Término temático o nombre geográfico como elemento de entrada | FREUD, SIGMUND, 1856-1939 \ PSICOANALISIS |
| 942 ## - TIPO DE MATERIAL (KOHA) | |
| Tipo de Item KOHA | Libros General |
| Estado de Material | Estado de Perdido | Estado de Dañado | No para Préstamo | Colección | Tomo | Biblioteca de Origen | Biblioteca Permanente | Fecha de Adquisición | Total de Préstamos | Signatura Topográfica | Código de Barras | Última vez visto | Ejemplar/Existencia | Fecha de Remplazo | Tipo de Material |
|---|---|---|---|---|---|---|---|---|---|---|---|---|---|---|---|
| Colección General | Biblioteca FUSBC | Biblioteca FUSBC | 04/10/2004 | G 150.1952 W865i | 367 | 12/12/2019 | 1 | 26/01/2016 | Libros General |
